A hódmezővásárhelyi tanulók pályaválasztási motivációi

Elmentve itt :
Bibliográfiai részletek
Szerző: Katona Lajos
További közreműködők: Rózsa Éva (Témavezető)
Dokumentumtípus: Szakdolgozat
Megjelent: 1967
Tárgyszavak:
Online Access:http://diploma.bibl.u-szeged.hu/54567
LEADER 00555nta a2200157 i 4500
001 dipl54567
005 20151214140623.0
008 151214s1967 hu om 0|| hun d
040 |a SZTE Diploma Repozitórium  |b hun 
041 |a hun 
100 1 |a Katona Lajos 
245 1 2 |a A hódmezővásárhelyi tanulók pályaválasztási motivációi  |h [elektronikus dokumentum] /  |c Lajos Katona 
260 |c 1967 
650 4 |a Bölcsészettudományok 
700 1 |a Rózsa Éva  |e ths 
856 4 0 |u http://diploma.bibl.u-szeged.hu/id/eprint/54567/1/1967_katona_lajos.pdf  |z Dokumentum-elérés